| 000 | 00828nam a22002057a 4500 | ||
|---|---|---|---|
| 999 |
_c2369 _d2369 |
||
| 003 | AR-CdUCM | ||
| 008 | 190304b ||||| |||| 00| 0 spa d | ||
| 040 |
_aMUNICIPALIDAD PROVINCIAL DEL CUSCO _cBIBLIOTECA MUNICIPAL DEL CUSCO |
||
| 082 |
_21ra. ed. _a396.94 / _bS27 |
||
| 100 |
_aM. Scanlon, Geraldine _98514 |
||
| 245 |
_aLa Polemica Feminista en la España Contemporanea : _b1868 - 1974. / |
||
| 260 |
_aEspaña : _bSiglo Veintiuno de España, _c1976. |
||
| 300 |
_a391 páginas ; _c21 cm. |
||
| 505 | _aContenido: La posicion legal de la Mujer -- Fuentes de autoridad del antifeminismo -- El movimiento feminista 1900 - 1931 -- La Republica y la guerra Civil -- La "España Nueva"... | ||
| 650 |
_aFeminismo _94003 |
||
| 650 |
_aEspaña Nueva _98515 |
||
| 650 |
_aAntifeminismo _98516 |
||
| 942 |
_2ddc _cLIBROS |
||
| 945 | _artm | ||